Loading...

Twilight of the pepper empire

Bibliographic Details
Main Author: Disney A R
Published: Manohar
LEADER 00239 a2200085 4500
100 |a Disney A R 
245 |a Twilight of the pepper empire 
260 |b Manohar 
999 |c 53598  |d 53598 
952 |0 0  |1 0  |2 ddc  |4 0  |7 0  |9 77388  |a SSUS  |b SSUS  |d 2015-06-02  |r 2015-06-02  |w 2015-06-02